<?xml version="1.0" encoding="UTF-8"?>
<record
    xmlns:xsi="http://www.w3.org/2001/XMLSchema-instance"
    xsi:schemaLocation="http://www.loc.gov/MARC21/slim http://www.loc.gov/standards/marcxml/schema/MARC21slim.xsd"
    xmlns="http://www.loc.gov/MARC21/slim">

  <leader>01324nam a2200241 ar4500</leader>
  <controlfield tag="001">3667</controlfield>
  <controlfield tag="005">20221127090803.0</controlfield>
  <controlfield tag="008">140128s        su a          00010|ara d</controlfield>
  <datafield tag="020" ind1=" " ind2=" ">
    <subfield code="a">9789960171555</subfield>
  </datafield>
  <datafield tag="082" ind1="0" ind2="4">
    <subfield code="a">378.101</subfield>
    <subfield code="b">&#x628;116</subfield>
  </datafield>
  <datafield tag="100" ind1="1" ind2=" ">
    <subfield code="a">&#x628;&#x627;&#x631;&#x628;&#x631;&#x60C; &#x645;&#x627;&#x643;&#x644;.</subfield>
  </datafield>
  <datafield tag="245" ind1="1" ind2="2">
    <subfield code="a">&#x627;&#x644;&#x627;&#x646;&#x647;&#x64A;&#x627;&#x631; &#x627;&#x644;&#x62C;&#x644;&#x64A;&#x62F;&#x64A; &#x642;&#x627;&#x62F;&#x645; :</subfield>
    <subfield code="b">&#x627;&#x644;&#x62A;&#x639;&#x644;&#x64A;&#x645; &#x627;&#x644;&#x639;&#x627;&#x644;&#x64A; &#x648;&#x627;&#x644;&#x62B;&#x648;&#x631;&#x629; &#x627;&#x644;&#x642;&#x627;&#x62F;&#x645;&#x629; /</subfield>
    <subfield code="c">&#x645;&#x627;&#x64A;&#x643;&#x644; &#x628;&#x627;&#x631;&#x628;&#x631;&#x60C; &#x643;&#x627;&#x62A;&#x644;&#x64A;&#x646; &#x62F;&#x648;&#x646;&#x644;&#x64A;&#x60C; &#x633;&#x639;&#x62F; &#x631;&#x636;&#x648;&#x64A; &#x61B; &#x62A;&#x631;&#x62C;&#x645;&#x629; &#x645;&#x631;&#x643;&#x632; &#x627;&#x644;&#x628;&#x62D;&#x648;&#x62B; &#x648;&#x627;&#x644;&#x62F;&#x631;&#x627;&#x633;&#x627;&#x62A; - &#x648;&#x632;&#x627;&#x631;&#x629; &#x627;&#x644;&#x62A;&#x639;&#x644;&#x64A;&#x645; &#x627;&#x644;&#x639;&#x627;&#x644;&#x64A;.</subfield>
  </datafield>
  <datafield tag="260" ind1=" " ind2=" ">
    <subfield code="a">&#x627;&#x644;&#x631;&#x64A;&#x627;&#x636; :</subfield>
    <subfield code="b">&#x648;&#x632;&#x627;&#x631;&#x629; &#x627;&#x644;&#x62A;&#x639;&#x644;&#x64A;&#x645; &#x627;&#x644;&#x639;&#x627;&#x644;&#x64A;&#x60C;</subfield>
    <subfield code="c">1435[2013].</subfield>
  </datafield>
  <datafield tag="300" ind1=" " ind2=" ">
    <subfield code="a">107 &#x635;. :</subfield>
    <subfield code="b">&#x627;&#x64A;&#x636;. &#x645;&#x644;&#x648;&#x646;&#x629; &#x61B;</subfield>
    <subfield code="c">24 &#x633;&#x645;.</subfield>
  </datafield>
  <datafield tag="440" ind1=" " ind2="0">
    <subfield code="a">&#x633;&#x644;&#x633;&#x644;&#x629; &#x627;&#x635;&#x62F;&#x627;&#x631;&#x627;&#x62A; &#x645;&#x631;&#x643;&#x632; &#x627;&#x644;&#x628;&#x62D;&#x648;&#x62B; &#x648;&#x627;&#x644;&#x62F;&#x631;&#x627;&#x633;&#x627;&#x62A; &#x61B;</subfield>
    <subfield code="v">25.</subfield>
  </datafield>
  <datafield tag="500" ind1=" " ind2=" ">
    <subfield code="a">&#x62A;&#x631;&#x62C;&#x645;&#x629; &#x644;&#x643;&#x62A;&#x627;&#x628; : An avalanche is coming / Michael Barber, K. Donnelly, Saad Rizvi.2013.</subfield>
  </datafield>
  <datafield tag="504" ind1=" " ind2=" ">
    <subfield code="a">&#x64A;&#x62A;&#x636;&#x645;&#x646; &#x628;&#x628;&#x644;&#x64A;&#x648;&#x62C;&#x631;&#x627;&#x641;&#x64A;&#x627;.</subfield>
  </datafield>
  <datafield tag="650" ind1=" " ind2="4">
    <subfield code="a">&#x627;&#x644;&#x62A;&#x639;&#x644;&#x64A;&#x645; &#x627;&#x644;&#x639;&#x627;&#x644;&#x64A;</subfield>
    <subfield code="x">&#x62A;&#x646;&#x638;&#x64A;&#x645; &#x648;&#x627;&#x62F;&#x627;&#x631;&#x629;.</subfield>
  </datafield>
  <datafield tag="650" ind1=" " ind2="4">
    <subfield code="a">&#x627;&#x644;&#x62C;&#x627;&#x645;&#x639;&#x627;&#x62A; &#x648;&#x627;&#x644;&#x643;&#x644;&#x64A;&#x627;&#x62A;</subfield>
    <subfield code="x">&#x62A;&#x646;&#x638;&#x64A;&#x645; &#x648;&#x627;&#x62F;&#x627;&#x631;&#x629;.</subfield>
  </datafield>
  <datafield tag="700" ind1="0" ind2=" ">
    <subfield code="a">&#x628;&#x627;&#x631;&#x628;&#x631;&#x60C; &#x645;&#x627;&#x64A;&#x643;&#x644;&#x60C;</subfield>
    <subfield code="e">&#x645;. &#x645;&#x634;&#x627;&#x631;&#x643;.</subfield>
  </datafield>
  <datafield tag="700" ind1="0" ind2=" ">
    <subfield code="a">&#x631;&#x636;&#x648;&#x64A;&#x60C; &#x633;&#x639;&#x62F;&#x60C;</subfield>
    <subfield code="e">&#x645;. &#x645;&#x634;&#x627;&#x631;&#x643;.</subfield>
  </datafield>
  <datafield tag="710" ind1="2" ind2=" ">
    <subfield code="a">&#x627;&#x644;&#x633;&#x639;&#x648;&#x62F;&#x64A;&#x629;.</subfield>
    <subfield code="b">&#x648;&#x632;&#x627;&#x631;&#x629; &#x627;&#x644;&#x62A;&#x639;&#x644;&#x64A;&#x645; &#x627;&#x644;&#x639;&#x627;&#x644;&#x64A;.</subfield>
    <subfield code="b">&#x645;&#x631;&#x643;&#x632; &#x627;&#x644;&#x628;&#x62D;&#x648;&#x62B; &#x648;&#x627;&#x644;&#x62F;&#x631;&#x627;&#x633;&#x627;&#x62A;&#x60C;</subfield>
    <subfield code="e">&#x645;&#x62A;&#x631;&#x62C;&#x645;.</subfield>
  </datafield>
  <datafield tag="999" ind1=" " ind2=" ">
    <subfield code="c">3665</subfield>
    <subfield code="d">3665</subfield>
  </datafield>
  <datafield tag="952" ind1=" " ind2=" ">
    <subfield code="0">0</subfield>
    <subfield code="1">0</subfield>
    <subfield code="2">DDC</subfield>
    <subfield code="4">0</subfield>
    <subfield code="7">0</subfield>
    <subfield code="a">CENTRAL</subfield>
    <subfield code="b">CENTRAL</subfield>
    <subfield code="d">2022-11-27</subfield>
    <subfield code="l">0</subfield>
    <subfield code="o">378.101 &#x628;116</subfield>
    <subfield code="p">1000000008062</subfield>
    <subfield code="r">2022-11-27 00:00:00</subfield>
    <subfield code="t">C1</subfield>
    <subfield code="w">2022-11-27</subfield>
    <subfield code="y">BK</subfield>
  </datafield>
  <datafield tag="952" ind1=" " ind2=" ">
    <subfield code="0">0</subfield>
    <subfield code="1">0</subfield>
    <subfield code="2">DDC</subfield>
    <subfield code="4">0</subfield>
    <subfield code="7">0</subfield>
    <subfield code="a">CENTRAL</subfield>
    <subfield code="b">CENTRAL</subfield>
    <subfield code="d">2022-11-27</subfield>
    <subfield code="l">0</subfield>
    <subfield code="o">378.101 &#x628;116</subfield>
    <subfield code="p">1000000008063</subfield>
    <subfield code="r">2022-11-27 00:00:00</subfield>
    <subfield code="t">C2</subfield>
    <subfield code="w">2022-11-27</subfield>
    <subfield code="y">BK</subfield>
  </datafield>
  <datafield tag="952" ind1=" " ind2=" ">
    <subfield code="0">0</subfield>
    <subfield code="1">0</subfield>
    <subfield code="2">DDC</subfield>
    <subfield code="4">0</subfield>
    <subfield code="7">0</subfield>
    <subfield code="a">Women</subfield>
    <subfield code="b">Women</subfield>
    <subfield code="d">2022-11-27</subfield>
    <subfield code="l">0</subfield>
    <subfield code="o">378.101 &#x628;116</subfield>
    <subfield code="p">10000000013016</subfield>
    <subfield code="r">2022-11-27 00:00:00</subfield>
    <subfield code="t">&#x644; 1</subfield>
    <subfield code="w">2022-11-27</subfield>
    <subfield code="y">BK</subfield>
  </datafield>
  <datafield tag="952" ind1=" " ind2=" ">
    <subfield code="0">0</subfield>
    <subfield code="1">0</subfield>
    <subfield code="2">DDC</subfield>
    <subfield code="4">0</subfield>
    <subfield code="7">0</subfield>
    <subfield code="a">Women</subfield>
    <subfield code="b">Women</subfield>
    <subfield code="d">2022-11-27</subfield>
    <subfield code="l">0</subfield>
    <subfield code="o">378.101 &#x628;116</subfield>
    <subfield code="p">10000000013015</subfield>
    <subfield code="r">2022-11-27 00:00:00</subfield>
    <subfield code="t">&#x644; 2</subfield>
    <subfield code="w">2022-11-27</subfield>
    <subfield code="y">BK</subfield>
  </datafield>
</record>
